LEADER 00881cam0 22002653 450 001 SOB021904 005 20211228075251.0 100 $a03.10.21d1966 |||||ita|0103 ba 101 $apor 102 $aVE 200 1 $aDante$e1265 - 1321$fEdoardo Crema 210 $aCaracas$cUniversidad Central de Venezuela$d1966 215 $a278 p.$d21 cm 225 2 $aCollecion "Anniversarios Culturales"$v3 410 1$1001LAEC00019023$12001 $a*Collecion "Anniversarios Culturales"$v3 700 1$aCrema$b, Edoardo$3AF00004922$4070$0179653 801 0$aIT$bUNISOB$c20211228$gRICA 850 $aUNISOB 852 $aUNISOB$j850.1$m116969 912 $aSOB021904 940 $aM 102 Monografia moderna SBN 941 $aM 957 $a850.1$b000037$gSI$d116969$hEsposito$rDONO$1Alfano$2UNISOB$3UNISOB$420200615104014.0$520200615104048.0$6Alfano 996 $aDante$91677224 997 $aUNISOB LEADER 01143nam0 22002771i 450 001 UON00019614 005 20231205102012.289 100 $a20020107d1961 |0itac50 ba 101 $aeng 102 $aGB 105 $a|||| 1|||| 200 1 $aMATERIALS for the study of the Babi religion$fcompiled by E.G. Browne 210 $aCambridge$cAt the University Press$d1961 xxiv$d380 p.$cill. ; 19 cm 606 $aBAHAISMO$3UONC002815$2FI 620 $dCambridge$3UONL000022 686 $aIRA VII C$cIRAN - FILOSOFIA E RELIGIONE - BABISMO E BAHA'ISMO$2A 702 1$aBROWNE$bEdward Granville$3UONV008246 712 $aCambridge University Press$3UONV245943$4650 801 $aIT$bSOL$c20250620$gRICA 899 $aSIBA - SISTEMA BIBLIOTECARIO DI ATENEO$2UONSI 912 $aUON00019614 950 $aSIBA - SISTEMA BIBLIOTECARIO DI ATENEO$dSI IRA VII C 030 $eSI MR 81607 7 030 966 $aBABISMO$zBAHAISMO$3UONC006185 966 $aRELIGIONI IRANICHE$yBAHAISMO$3UONC005635 996 $aMATERIALS for the study of the Babi religion$91197308 997 $aUNIOR